000 00389cam a2200169 4500
001 D12977
008 090401t1893 xxu||||| |||| 00| 0 eng d
035 _a(Sirsi) u6953
041 _aeng
100 _aHolden, John
245 _aEasements and rights of light
260 _aManchester
_bCharles Seven
_c1893
350 _a0
520 _aShelf 117
942 _n0
948 _c04/03/1997
999 _c86371
_d86371